000 00993nam0a22002771 4500
001 RU\NLR\INFOCOMM_116\5000062552
005 20250613090932.0
035 _a(NLR Aleph) 009085252
090 _a8007481
_c8007481
100 _a20081211d1979 |||y0rusy50 ca
101 0 _aeng
102 _aRU
105 _ay z|||000zy
181 0 _ai
_baxxe
182 0 _an
200 1 _aˆThe ‰Baikal Lake
_ematerials to the Third Scientific symposium of the IGU Commission on environmental problems (Jyly 1 to 11, 1979), USSR
_fSib. sector of the Academy of sciences of the USSR, Limnological inst., Intern. geogr. union. Commiss. on environmental problems
203 _aТекст
_bвизуальный
_cнепосредственный
210 _aMoscow
_aIrkutsk
_c[s.n.]
_d1979
215 _a57 с.
_d20 см
686 _aД226.9Байкал
_2rubbk
801 1 _aRU
_bNLR
_c20081211
801 0 _aRU
_bNLR
_gPSBO
852 _aNLR
_jГн11 Д-4/140
942 _cBOOK
980 _aNB